Claudia Cillóniz de Marchini (Record no. 3472)

MARC details
000 - LÍDER
campo de control de longitud fija 00937nam a2200205Ia 4500
008 - ELEMENTOS DE DATOS DE LONGITUD FIJA - INFORMACIÓN GENERAL
campo de control de longitud fija 0000001996 pe a 0000000000spa00
090 ## - NÚMERO DE LLAMADA DE TIPO LC LOCALMENTE ASIGNADO (OCLC)
Número de clasificación (OCLC) (R) PUS00 C34c
100 1# - ENTRADA PRINCIPAL - NOMBRE PERSONAL
Nombre de la persona Cillóniz de Marchini, Claudia
Fechas asociadas a un nombre 1959
245 10 - TÍTULO DECLARACIÓN
Título Claudia Cillóniz de Marchini
Resto del título : between paint and stone = entre piedra y pintura
Declaración de responsabilidad / fotografías Timothy Bullard
260 ## - PUBLICACIÓN, DISTRIBUCIÓN
Lugar de publicación Lima : Galería Cecilia González
Fecha de publicación 1996
300 ## - DESCRIPCIÓN FÍSICA
Alcance [24] p.
Dimensiones / 24 cm.
500 ## - NOTA GENERAL
Nota general Artista peruana con ciudadanía estadounidense \ Texto bilingue: inglés español \ Con el patronazgo del maestro venezolano Jesús Rafael Soto (q.e.p.d.) \ Registro auspiciado por el IDCT. Bogotá
600 00 - ENTRADA DE SUJETO AÑADIDO - NOMBRE PERSONAL
Nombre de la persona CILLONIZ DE MARCHINI, CLAUDIA, 1959/
Subdivisión general TRABAJOS PICTORICOS
650 14 - ENTRADA DE SUJETO AÑADIDO - TÉRMINO TÓPICO
Término tópico o elemento de entrada del nombre geográfico ARTE CONTEMPORANEO ESTADOUNIDENSE
650 14 - ENTRADA DE SUJETO AÑADIDO - TÉRMINO TÓPICO
Subdivisión general CATALOGOS
650 14 - ENTRADA DE SUJETO AÑADIDO - TÉRMINO TÓPICO
Subdivisión general EXPOSICIONES
650 14 - ENTRADA DE SUJETO AÑADIDO - TÉRMINO TÓPICO
Término tópico o elemento de entrada del nombre geográfico PINTORES ESTADOUNIDENSES
650 14 - ENTRADA DE SUJETO AÑADIDO - TÉRMINO TÓPICO
Término tópico o elemento de entrada del nombre geográfico PINTURA ESTADOUNIDENSE
700 1# - ENTRADA AGREGADA - NOMBRE PERSONAL
Nombre de la persona Bullard, Timothy
Holdings
Estado de retirada Pérdida de estatus Estado dañado No para préstamo Código de recogida Ubicación permanente Ubicación actual Ubicación de las estanterías Fecha de adquisición Número de llamada completo Código de barras Fecha de la última vez que se vio Número de copia Precio efectivo desde Tipo de artículo Koha
        General ArtNexus ArtNexus General 06/09/2022 P-US-00 C34C 3475 06/09/2022 Ej.1 06/09/2022 Libro

Powered by Koha